| 000 | 01870cam a2200409 a 4500 | ||
|---|---|---|---|
| 005 | 20260322212012.0 | ||
| 008 | data | ||
| 010 | _a 2009001174 | ||
| 020 | _a9781429633321 (lib. bdg.) | ||
| 020 | _a1429633328 (lib. bdg.) | ||
| 020 | _a9781429638807 (pbk.) | ||
| 020 | _a142963880X (pbk.) | ||
| 040 |
_aDLC _cDLC _dDLC _dMLY _dBIB _dXY4 _dBTCTA _dZQP _dDLC |
||
| 042 | _alcac | ||
| 043 | _an-us--- | ||
| 050 | 0 | 0 |
_aGV885.1 _b.D63 2010 |
| 082 | 0 | 0 |
_a796.323/640973 _222 |
| 092 | _a793.32 D63 2010 | ||
| 100 | 1 | _aDoeden, Matt. | |
| 245 | 1 | 4 |
_aThe best of pro basketball / _cMatt Doeden. |
| 260 |
_aMankato, Minn. : _bCapstone Press, _c2010. |
||
| 300 |
_a24 p. : _bill. (chielfy col.) ; _c21 cm. |
||
| 490 | 1 | _aFirst facts, best of pro sports | |
| 504 | _aIncludes bibliographical references (p. 23) and index. | ||
| 505 | 0 | _aBest scorer -- Most points by a player in a game -- Best shootout -- Best comeback -- Best rebounder -- Best steal -- Best last-second shot -- Most amazing shot -- Best three-point shooter. | |
| 520 | _a"Presents some of the best moments and players in professional basketball history"--Provided by publisher. | ||
| 650 | 0 |
_aBasketball _zUnited States _xHistory _vJuvenile literature. |
|
| 650 | 0 |
_aBasketball players _zUnited States _xHistory _vJuvenile literature. |
|
| 650 | 1 |
_aBasketball _zUnited States _xHistory. |
|
| 650 | 1 |
_aBasketball players _zUnited States _xHistory. |
|
| 650 | 1 | _aSports. | |
| 830 | 0 |
_aFirst facts. _pBest of pro sports. |
|
| 906 |
_a7 _bcbc _corignew _d1 _eecip _f20 _gy-gencatlg |
||
| 925 | 0 |
_aacquire _b1 shelf copies _xpolicy default _eclaim2 2010-09-10 _eclaim2 2010-09-10 |
|
| 955 |
_dre04 2009-01-29 telework _ere12 2009-01-29 telework to Dewey _fxj05 2011-01-18 Z-CipVer |
||
| 001 | data | ||
| 999 |
_c245 _d245 |
||